书目信息 |
| 题名: |
低温世界畅想曲:超导技术(第二版)
|
|
| 作者: | 张兆君 , 颜宁 编著 | |
| 分册: | ||
| 出版信息: | 北京 科学技术文献出版社 1999.09 |
|
| 页数: | 263页 | |
| 开本: | 32开 | |
| 丛书名: | ||
| 单 册: | ||
| 中图分类: | O511 | |
| 科图分类: | ||
| 主题词: | 低温物理学 | |
| 电子资源: | ||
| ISBN: | 7-5023-3003-8 | |
| 000 | 00642nam0 2200205 45 | |
| 001 | 0009301621 | |
| 005 | 20001125152212.0 | |
| 010 | @a7-5023-3003-8@d9.00元 | |
| 100 | @a20000930d1999 km y0chiy0120 ea | |
| 101 | 0 | @achi |
| 105 | @a z 000yy | |
| 200 | 1 | @a低温世界畅想曲:超导技术(第二版)@ADi Wen Shi Jie Chang Xiang Qu:Chao Dao Ji Shu(Di Er Ban)@f张兆君,颜宁编著@FZhang Zhao Jun,Yan Ning Bian Zhu |
| 210 | @a北京@c科学技术文献出版社@d1999.09 | |
| 215 | @a263页@d32开 | |
| 606 | 0 | @a低温物理学 |
| 690 | @aO511@v3 | |
| 701 | 0 | @a张兆君@4编著 |
| 701 | 0 | @a颜宁@4编著 |
| 801 | @aCN@bPftUser@c20000930 | |
| 905 | @b504057-058@dO511@eZH363@f2 | |
| 低温世界畅想曲:超导技术(第二版)/张兆君,颜宁编著.-北京:科学技术文献出版社,1999.09 |
| 263页;32开 |
| ISBN 7-5023-3003-8:9.00元 |
| ● |
| 相关链接 |
|
|
|
正题名:低温世界畅想曲:超导技术(第二版)
索取号:O511/ZH363
 
预约/预借
| 序号 | 登录号 | 条形码 | 馆藏地/架位号 | 状态 | 备注 |
| 1 | 504057 | 205040579 | 自科库401/401自科库 59排3列5层/ [索取号:O511/ZH363] | 在馆 | |
| 2 | 504058 | 205040588 | 自科库401/401自科库 59排3列5层/ [索取号:O511/ZH363] | 在馆 |